| 000 | 00938nam a22002297a 4500 | ||
|---|---|---|---|
| 999 |
_c11732 _d11732 |
||
| 003 | AR-CdUCM | ||
| 008 | 190404b ||||| |||| 00| 0 spa d | ||
| 040 |
_aMUNICIPALIDAD PROVINCIAL DEL CUSCO _cBIBLIOTECA MUNICIPAL DEL CUSCO |
||
| 082 |
_a342 / _bSI55 / 1864 |
||
| 100 |
_aSilva Santisteban, José, _920605 |
||
| 245 | _aCurso de derecho internacional o de gentes / | ||
| 260 |
_aLima _bA. Aubert y Comp, _c1864. |
||
| 300 |
_a214 paginas ; _c18 cm. |
||
| 500 | _aDedicatoria | ||
| 505 | _aContenido :Derecho de gentes entre los antiguos, imperio de oriente, repúblicas griegas, actos e instituciones -- Influencia del cristianismo -- servicios de la liga anséatica -- Principio de la intervención -- Historia de las ciencias ... | ||
| 650 |
_aDerecho internacional _95497 |
||
| 650 |
_aJuicios _97111 |
||
| 650 |
_aDecretos _97384 |
||
| 650 |
_aLeyes y normativas _929227 |
||
| 942 |
_2ddc _cLIBROS |
||
| 945 |
_awnts _d2019-04-04 |
||